Old and new paradigms for urban research: globalization and the fiscal austerity and urban innovation project (Record no. 46695)

000 -LEADER
fixed length control field 01181pab a2200169 454500
008 - FIXED-LENGTH DATA ELEMENTS--GENERAL INFORMATION
fixed length control field 180718b2000 xxu||||| |||| 00| 0 eng d
100 ## - MAIN ENTRY--PERSONAL NAME
Personal name Clark, Terry Nichols
245 ## - TITLE STATEMENT
Title Old and new paradigms for urban research: globalization and the fiscal austerity and urban innovation project
260 ## - PUBLICATION, DISTRIBUTION, ETC.
Date of publication, distribution, etc. 2000
300 ## - PHYSICAL DESCRIPTION
Extent p.3-45
362 ## - DATES OF PUBLICATION AND/OR SEQUENTIAL DESIGNATION
Dates of publication and/or sequential designation Sep
520 ## - SUMMARY, ETC.
Summary, etc. Globalization increases local democracy. Both economic and democratic changes illustrate how global developments interpenetrate regional and local processes. Globalization also demands reformulation of past research paradigms. For instance, central place theory, regimes and growth machines, class and race politics, rational choice models, and patronage/clientelism paradigms are all losing power. A new political culture is emerging with globalization, redefining the rules of the game by which many urban processes operate. The Fiscal Austerity and Urban Innovation Project is a network of more than 700 participants generating discussion, research reports, and public data clarifying these points. - Reproduced
650 ## - SUBJECT ADDED ENTRY--TOPICAL TERM
Topical term or geographic name entry element Globalization
650 ## - SUBJECT ADDED ENTRY--TOPICAL TERM
Topical term or geographic name entry element Urban development
773 ## - HOST ITEM ENTRY
Main entry heading Urban Affairs
909 ## -
-- 46695
Holdings
Withdrawn status Lost status Damaged status Not for loan Permanent Location Current Location Date acquired Serial Enumeration / chronology Barcode Date last seen Price effective from Koha item type
        Indian Institute of Public Administration Indian Institute of Public Administration 2018-07-19 Volume no: 36, Issue no: 1 AR47123 2018-07-19 2018-07-19 Articles

Powered by Koha